000 00473nam a2200157 a 4500
020 _a2738411223
040 _cDLC
082 _a338 HAR 1992 A072 Or.
245 0 0 _aCheminements d'une action de développement :
_bde l'identification à l'évaluation /
260 _aParis :
_bHarmattan,
_cc1992.
300 _a203 p. :
_bill. ;
_c24 cm.
650 0 _aEconomic development projects
650 0 _aEconomic development projects
700 1 _aBeaudoux, Etienne.
942 _cEK
999 _c14937
_d14937